Прогресс и бедность : (Record no. 536186)
[ view plain ]
| 000 -LEADER | |
|---|---|
| fixed length control field | 01069nam a2200205 a 4500 |
| 001 - CONTROL NUMBER | |
| control field | 000702564 |
| 003 - CONTROL NUMBER IDENTIFIER | |
| control field | AM-YEHGA |
| 005 - DATE AND TIME OF LATEST TRANSACTION | |
| control field | 20250926093538.0 |
| 008 - FIXED-LENGTH DATA ELEMENTS--GENERAL INFORMATION | |
| fixed length control field | 091210n ru |||||||||||00||0|rus|d |
| 040 ## - CATALOGING SOURCE | |
| Original cataloging agency | AM-YeHGA |
| 041 1# - LANGUAGE CODE | |
| Language code of text/sound track or separate title | rus |
| Language code of original | eng |
| 100 1# - MAIN ENTRY--PERSONAL NAME | |
| Personal name | Джордж, Генри |
| 245 10 - TITLE STATEMENT | |
| Title | Прогресс и бедность : |
| Remainder of title | Изследования причин упадка промышленности и увеличения бедности, растущей вместе с увеличением богатства : Средства помощи / |
| Statement of responsibility, etc. | Генри Джордж ; Пер. с послед. англ. изд. А.Г. Сахаровой ; Под ред. А.К. Шеллера. |
| 260 ## - PUBLICATION, DISTRIBUTION, ETC. | |
| Place of publication, distribution, etc. | С.-Петербург : |
| Name of publisher, distributor, etc. | Изд. кн. маг. М.М. Ледерле, |
| Date of publication, distribution, etc. | Б. г. |
| 300 ## - PHYSICAL DESCRIPTION | |
| Extent | 602 с. |
| 650 14 - SUBJECT ADDED ENTRY--TOPICAL TERM | |
| Topical term or geographic name entry element | Распределение, сохранение и потребление материальных благ |
| 700 1# - ADDED ENTRY--PERSONAL NAME | |
| Personal name | Сахаров, А.Г. |
| Relator term | пер. |
| Relationship | trl |
| 700 1# - ADDED ENTRY--PERSONAL NAME | |
| Personal name | Шеллер, А.К. |
| Relator term | ред. |
| Relationship | edt |
| 942 ## - ADDED ENTRY ELEMENTS (KOHA) | |
| Source of classification or shelving scheme | Universal Decimal Classification |
| Koha item type | Գրքեր / Books |
| Withdrawn status | Lost status | Damaged status | Not for loan | Collection | Home library | Current library | Date acquired | Total checkouts | Full call number | Barcode | Date last seen | Price effective from | Koha item type | Public note |
|---|---|---|---|---|---|---|---|---|---|---|---|---|---|---|
| Kusikian Individual Collection | Fundamental Scientific Library | Fundamental Scientific Library | 26/08/2025 | Кус/3580 | FL0692782 | 10/09/2025 | 10/09/2025 | Գրքեր / Books | Ill Non-Circ |
ՀՀ Գիտությունների ազգային ակադեմիայի հիմնարար գիտական գրադարան = Fundamental Scientific Library of NAS RA
All site content, except where otherwise noted, is licensed under a